Music Quiz

Random Music Quiz

Instruments of the Symphony Quiz Stats

Quiz Updated Dec 3, 2012

Challenge
Share
Tweet
Score 0/27 Timer 05:00
0 Plays Today
Instrument % Correct
Triangle
98.3%
Harp
95.6%
Violin
95.6%
Cello
94.5%
French Horn
94.3%
Trombone
90.8%
Piano
90.4%
Clarinet
90.4%
Bass
85.8%
Trumpet
85.7%
Flute
85%
Viola
82.4%
Tuba
81.5%
Xylophone
80.4%
Instrument % Correct
Tambourine
77.2%
Cymbal
77%
Oboe
76.8%
Snare Drum
74.5%
Bassoon
67.9%
Tam Tam
67.2%
Timpani
64%
Bass Drum
62.2%
Chimes
50.2%
Piccolo
47.8%
Bass Clarinet
40.5%
English Horn
27.8%
Contrabassoon
23.9%

You're not logged in!

Compare scores with friends on all Sporcle quizzes.
Sign Up with Email
OR
Log In

You Might Also Like...

Show Comments

Extras

Top Quizzes Today


Score Distribution

Your Account Isn't Verified!

In order to create a playlist on Sporcle, you need to verify the email address you used during registration. Go to your Sporcle Settings to finish the process.